| 000 | 00429cam a2200181ua 4500 | ||
|---|---|---|---|
| 020 | _c1.00 | ||
| 041 |
_ahin _h |
||
| 082 |
_a891.43 _bKRI/RA |
||
| 100 | _aKrishabcharan Jain, . | ||
| 245 |
_aRajikumar bhoj / _cKrishabcharan Jain. _hTextual Documents |
||
| 250 |
_a1 / _b. |
||
| 260 |
_aDelhi : _bJan Prakashan , _c1958. |
||
| 300 | _a64 ; . | ||
| 365 | _a1.00 | ||
| 504 | _a | ||
| 942 | _cBK | ||
| 999 |
_c3026 _d3026 |
||